000
00242nam a2200109Ia 4500
008
190216s9999||||xx |||||||||||||| ||und||
100
_a
Saxena
245
0
_a
Objective Zoology
260
_b
As Prakashan
_c
1997
300
_a
1055p
942
_c
REF
999
_c
36356
_d
36356